| 000 | 00755nam a2200241 u 4500 | ||
|---|---|---|---|
| 005 | 20250402063807.0 | ||
| 008 | 090803s2006 ag r 000 0 spa d | ||
| 020 | _a9871305060 (10 dígtos) | ||
| 020 | _a9789871305063 (13 dígitos) | ||
| 035 | _aUPN01000171667 | ||
| 049 | _aCG | ||
| 050 | 4 |
_aZ674.4 _bV3.3 2006 |
|
| 100 | 1 | _aVázquez Murillo, Manuel | |
| 245 | 1 | 0 |
_aAdministración de documentos y archivos : _bplanteos para el siglo XXI / _cManuel Vázquez Murillo. |
| 250 | _a2a ed. | ||
| 260 |
_aBuenos Aires : _bAlfagrama, _c2006. |
||
| 300 | _a154 p. | ||
| 440 | 0 |
_aBiblioteca alfagrama. _pArchivística ; _v1 |
|
| 650 | 2 |
_aDocumentación _97871 |
|
| 650 | 2 |
_aArchivos _97632 |
|
| 650 | 4 |
_aServicios de información _97892 |
|
| 905 | _aLibro | ||
| 999 |
_c143772 _d143772 |
||